000 01002nam a2200277 i 4500
001 bg
003 KOSZ 005
005 20200630132823.0
008 071008s1968 pl g f 000 0 pol
015 _aPB 1968/9512
040 _aWA N
_cKOSZ 005/RW
_dKOSZ 005/RW
041 0 _apol
_ager
080 _a803.0-5
100 1 _aDewitzowa, Wanda
_d(1891-1972).
245 1 0 _aZwięzła gramatyka języka niemieckiego :
_bpodręcznik dla lektoratów wyższych uczelni /
_cWanda Dewitzowa, Barbara Płaczkowska.
250 _aWyd. 4.
260 _aWarszawa :
_bPaństwowe Wydawnictwo Naukowe,
_c1968.
300 _a369, [2] s. ;
_c23 cm.
380 _aKsiążki.
650 4 _aJęzyk niemiecki
_xgramatyka.
655 4 _aPodręczniki akademickie
700 1 _aPłaczkowska, Barbara
_d(1913-1993)
710 2 _aPaństwowe Wydawnictwo Naukowe
_4pbl.
856 _uhttp://koha.tu.koszalin.pl/cgi-bin/koha/opac-detail.pl?biblionumber=11211
_yKatalog online BPK
942 _2UKD
_cKS
999 _c11211
_d11211